| 000 | 00720nam a2200241 a 4500 | ||
|---|---|---|---|
| 001 | 67282 | ||
| 003 | BD-RjUL | ||
| 005 | 20211209081632.0 | ||
| 008 | 170323r19561954njua 000 0 eng d | ||
| 035 | _a(BD-RjUL)67413 | ||
| 040 |
_aDLC _cWSU _dSER _dUKM _dEQO _d(BD-RjUL) _beng |
||
| 041 | _aeng | ||
| 082 |
_223 _a519.5 _bCRP 1960 |
||
| 100 | 1 |
_aCroxton, Frederick E, _9107546 |
|
| 245 | 1 | 0 |
_aPractical Business Statistics / _cFrederick E. Croxton and Dudley J. Cowden |
| 250 | _a2nd ed. | ||
| 260 |
_aEnglewood Cliffs, N.J : _bPrentice-Hall, _c1956 |
||
| 300 |
_axviii, 550 p. : _bill. ; _c24 cm |
||
| 500 | _aIncludes index | ||
| 650 | 0 |
_aStatistics _9108587 |
|
| 700 | 1 |
_aCowden, Dudley J. _9107548 |
|
| 942 |
_2ddc _cBK |
||
| 999 |
_c67282 _d67282 |
||